000 00615nam a2200229 a 4500
001 BRCA_5809
005 20190320205225.0
008 100311s194u----fr-a######---#000-0#fre-#
041 _afre
044 _afr
050 4 _aND653.M4
_b.F54 1940
100 1 _aFierens, Paul
_914719
245 1 0 _aMemling
_cPaul Fierens.
260 _aParís
_bBraun
_c[194?]
300 _a1 v. (sin paginación)
_bil., 60 láminas
_c16 cm.
440 0 _aCollection ´Les Maitres´
_914720
500 _aG19
600 1 4 _aMemling, Hans
_d1430-1494
_910415
650 1 4 _aPintores holandeses
_914721
902 _aGFM
942 _2lcc
_cB
999 _c5498
_d5498